00377nam a2200157Ia 4500001000500000005001700005008004100022041000800063082001600071100003000087245004900117260000900166300002800175650000800203654000800211331620260306145634.0260306t2012||||xx |||||||||||||| ||spa|| aESP a269.43bS17 aSalvarani, FrancescoeAUT 0aEdith Stein:bhija de Israel y de la iglesia c2012 a381 páginas :c24 cm. aGEN aCHU